00925 a2200205 4500003000500000005001700005010001700022020001500039040000900054082001700063100002800080245005000108250001200158260005800170300003500228490004100263505034100304650002400645830005000669Nust20221220125452.0 a 2003046357 a8129702738 cNust00a174.962, FLE1 aFleddermann, Charles B.10aEngineering ethics /cCharles B. Fleddermann. a2nd ed. aUpper Saddle River, N.J. :bPearson Education,c2004. axvii, 141 p. :bill. ;c26 cm.1 aThe Prentice Hall engineering source aIntroduction (Page-1), Professionalism and Codes Ethics (Page-14), Understanding Ethical Problems (Page-31), Ethical Problems-Solving Techniques (Page-45), Risk, Safety and Accidents (Page-62), The Rights and Responsibilities of Engineering (Page-82), Ethics in Research and Experimentation (Page-106), Doing the Right Thing(Page-114).  0aEngineering ethics. 0aESource--the Prentice Hall engineering source